| 000 | 01050aam a2200397 4500 | ||
|---|---|---|---|
| 005 | 20250918180428.0 | ||
| 008 | 150312b2010 xxu||||| |||| 00| 0 spa d | ||
| 020 | _a9788449435461 | ||
| 041 | _aESP | ||
| 082 | _a617.026 N964n | ||
| 245 | _aNuevo asesor de padres recursos para la salud de los hijos: primeros auxilios | ||
| 260 | _aEspaña | ||
| 260 | _bOcéano | ||
| 260 | _c2010 | ||
| 300 | _a250 páginas | ||
| 300 | _bIlustraciones a color | ||
| 490 | _aInvestigación Criminal | ||
| 490 | _aTemática General | ||
| 650 | _aPRIMEROS AUXILIOS | ||
| 650 | _aSALUD INFANTIL | ||
| 650 | _aTÉCNICAS Y EQUIPAMIENTO | ||
| 650 | _aBOTIQUIN | ||
| 650 | _aREANIMACIÓN BÁSICA | ||
| 650 | _aHERIDAS | ||
| 650 | _aHEMORRAGIAS | ||
| 650 | _aTRAMATISMOS | ||
| 650 | _aCUERPOS EXTRAÑOS | ||
| 650 | _aAGENTES AMBIENTALES | ||
| 650 | _aINTOXICACIONES | ||
| 650 | _aMORDEDURAS | ||
| 650 | _aPICADURAS | ||
| 650 | _aURGENCIAS | ||
| 650 | _aPREVENCIÓN DE ACCIDENTES | ||
| 650 | _aCUIDADOS DE ENFERMOS | ||
| 942 |
_cBK _2ddc |
||
| 999 |
_c2663 _d2663 |
||